<?xml version="1.0" encoding="UTF-8"?>
<record
    xmlns:xsi="http://www.w3.org/2001/XMLSchema-instance"
    xsi:schemaLocation="http://www.loc.gov/MARC21/slim http://www.loc.gov/standards/marcxml/schema/MARC21slim.xsd"
    xmlns="http://www.loc.gov/MARC21/slim">

  <leader>01060nam a2200277Ia 4500</leader>
  <controlfield tag="005">20231102151445.0</controlfield>
  <controlfield tag="008">121028t1997    mx a   f      000 0 spa d</controlfield>
  <datafield tag="020" ind1=" " ind2=" ">
    <subfield code="a">84-7584-328-5</subfield>
  </datafield>
  <datafield tag="040" ind1=" " ind2=" ">
    <subfield code="d">RDA</subfield>
  </datafield>
  <datafield tag="050" ind1=" " ind2=" ">
    <subfield code="a">RC49 E54 1997</subfield>
  </datafield>
  <datafield tag="245" ind1="1" ind2="4">
    <subfield code="a">Las Enfermedades psicosomaticas y su relacion con la familia y la escuela </subfield>
    <subfield code="c">/ Joaquin Callabed, Ma. Jesus Comellas, Ma. Jesus Mardomingo, eds.</subfield>
  </datafield>
  <datafield tag="260" ind1=" " ind2=" ">
    <subfield code="a">M&#xE9;xico</subfield>
    <subfield code="b"> : Laertes</subfield>
    <subfield code="c">, 1997</subfield>
  </datafield>
  <datafield tag="300" ind1=" " ind2=" ">
    <subfield code="a">255 p&#xE1;ginas</subfield>
  </datafield>
  <datafield tag="337" ind1=" " ind2=" ">
    <subfield code="a">texto</subfield>
  </datafield>
  <datafield tag="338" ind1=" " ind2=" ">
    <subfield code="a">sin medio</subfield>
  </datafield>
  <datafield tag="339" ind1=" " ind2=" ">
    <subfield code="a">volumen</subfield>
  </datafield>
  <datafield tag="500" ind1=" " ind2=" ">
    <subfield code="a">Plan flexible
Licenciatura en Psicolog&#xED;a
14 003744, 14 005315</subfield>
  </datafield>
  <datafield tag="505" ind1=" " ind2=" ">
    <subfield code="a">Epidemiolo&#xED;a, etiopatogenia, diagn&#xF3;stico
Transtornos psicosom&#xE1;ticos
La familia y la escuela
Hospital y medicia psicosom&#xE1;tica
Orientaci&#xF3;n terap&#xE9;utica
Ultima lecci&#xF3;n </subfield>
  </datafield>
  <datafield tag="650" ind1="1" ind2="0">
    <subfield code="a">PEDIATR&#xCD;A -</subfield>
  </datafield>
  <datafield tag="650" ind1="2" ind2="0">
    <subfield code="a">ASPECTOS PSICOSOM&#xC1;TICOS </subfield>
  </datafield>
  <datafield tag="650" ind1="3" ind2="0">
    <subfield code="a">FAMILIA     </subfield>
  </datafield>
  <datafield tag="700" ind1=" " ind2=" ">
    <subfield code="a">CALLABED, Joaquin</subfield>
    <subfield code="e">Editor</subfield>
  </datafield>
  <datafield tag="700" ind1=" " ind2=" ">
    <subfield code="a">COMELLAS, Mar&#xED;a Jes&#xFA;s</subfield>
    <subfield code="e">editor</subfield>
  </datafield>
  <datafield tag="700" ind1=" " ind2=" ">
    <subfield code="a">MARDOMINGO,Mar&#xED;a Jes&#xFA;s       </subfield>
    <subfield code="e">editor</subfield>
  </datafield>
  <datafield tag="942" ind1=" " ind2=" ">
    <subfield code="2">lcc</subfield>
    <subfield code="c">HMAN</subfield>
  </datafield>
  <datafield tag="952" ind1=" " ind2=" ">
    <subfield code="0">0</subfield>
    <subfield code="1">0</subfield>
    <subfield code="4">0</subfield>
    <subfield code="7">0</subfield>
    <subfield code="a">14</subfield>
    <subfield code="b">14</subfield>
    <subfield code="d">2010-11-29</subfield>
    <subfield code="l">1</subfield>
    <subfield code="o">RC49 E54 1997</subfield>
    <subfield code="p">14 003744</subfield>
    <subfield code="r">2017-05-11</subfield>
    <subfield code="s">2017-05-11</subfield>
    <subfield code="t">1</subfield>
    <subfield code="w">2012-10-28</subfield>
    <subfield code="y">LB</subfield>
  </datafield>
  <datafield tag="952" ind1=" " ind2=" ">
    <subfield code="0">0</subfield>
    <subfield code="1">0</subfield>
    <subfield code="2">lcc</subfield>
    <subfield code="4">0</subfield>
    <subfield code="7">0</subfield>
    <subfield code="a">14</subfield>
    <subfield code="b">14</subfield>
    <subfield code="d">2014-10-01</subfield>
    <subfield code="l">4</subfield>
    <subfield code="m">1</subfield>
    <subfield code="o">RC49 E54 1997</subfield>
    <subfield code="p">14 005315</subfield>
    <subfield code="r">2018-08-09</subfield>
    <subfield code="s">2018-03-12</subfield>
    <subfield code="t">2</subfield>
    <subfield code="w">2014-10-29</subfield>
    <subfield code="y">LB</subfield>
  </datafield>
  <datafield tag="999" ind1=" " ind2=" ">
    <subfield code="c">85772</subfield>
    <subfield code="d">85772</subfield>
  </datafield>
</record>
